[Event "Druzynowe Mistrzostwa Polski - II Liga Seniorow"]
[Site "Ustron/Slaski Zwiazek Szachowy"]
[Date "2008.09.10"]
[Round "4.54"]
[White "Krokay, Urszula"]
[Black "Grzelachowska, Grazyna"]
[Result "1-0"]
[WhiteTitle "k"]
[BlackTitle "k"]
[WhiteElo "2018"]
[BlackElo "1983"]

1. e4 e5 2. Nf3 d6 3. d4 exd4 4. Nxd4 g6 5. Nc3 Bg7 6. Be3 Nf6 7. Qd2 O-O 8. f3
Re8 9. O-O-O a6 10. Bh6 Bh8 11. h4 b5 12. h5 Bb7 13. hxg6 fxg6 14. Ndxb5 axb5
15. Bxb5 c6 16. Bc4+ d5 17. exd5 Nxd5 18. Rhe1 Rf8 19. Bxf8 Kxf8 20. Nxd5 cxd5
21. Qb4+ Kg8 22. Qxb7 Bxb2+ 23. Kxb2 Nc6 24. Bxd5+ Kh8 25. Qxc6 Rb8+ 26. Bb3
Qf8 27. Qc3+ 1-0

[Event "Druzynowe Mistrzostwa Polski - II Liga Seniorow"]
[Site "Ustron/Slaski Zwiazek Szachowy"]
[Date "2008.09.10"]
[Round "4.55"]
[White "Nguyen, Piotr"]
[Black "Murdzia, Piotr"]
[Result "0-1"]
[WhiteTitle "k++"]
[BlackTitle "IM"]
[WhiteElo "2329"]
[BlackElo "2481"]

1. f4 Nh6 2. Nf3 g6 3. g3 Bg7 4. Bg2 O-O 5. O-O c5 6. e4 Nc6 7. Kh1 d6 8. c3 f5
9. d3 Nf7 10. Na3 Bd7 11. Be3 b6 12. exf5 gxf5 13. d4 Rc8 14. d5 Na5 15. Rc1 e5
16. dxe6 Bxe6 17. Ng5 Nxg5 18. fxg5 d5 19. Re1 Bf7 20. b4 cxb4 21. cxb4 Rxc1
22. Bxc1 Nc4 23. Nc2 d4 24. Qd3 Ne5 25. Rxe5 Bxe5 26. Bf4 Qd6 27. Qxf5 Bd5 28.
Nxd4 Rxf5 29. Nxf5 Bxg2+ 30. Kxg2 Qd5+ 31. Kh3 Qd7 0-1

[Event "Druzynowe Mistrzostwa Polski - II Liga Seniorow"]
[Site "Ustron/Slaski Zwiazek Szachowy"]
[Date "2008.09.10"]
[Round "4.56"]
[White "Rawski, Slawomir"]
[Black "Michniewski, Tomasz"]
[Result "1/2-1/2"]
[WhiteTitle "k+"]
[BlackTitle "k"]
[WhiteElo "2210"]
[BlackElo "2227"]

1. d4 d5 2. Bg5 c6 3. e3 Qb6 4. b3 h6 5. Bh4 Bf5 6. Nf3 Nd7 7. Bd3 Bxd3 8. cxd3
e6 9. O-O Ngf6 10. Nc3 Qa5 11. Qd2 Be7 12. a3 O-O 13. Ne5 Nxe5 14. dxe5 Ne4 15.
Nxe4 Qxd2 16. Nxd2 Bxh4 17. b4 a5 18. Rfb1 axb4 19. Rxb4 Be7 20. Rxb7 Rxa3 21.
Rxa3 Bxa3 22. Nb1 Ra8 23. Rb3 Be7 24. g3 c5 25. Kg2 Rc8 26. Nd2 f6 27. f4 fxe5
28. fxe5 Bd8 29. Rc3 Kf7 30. Nb3 Bb6 31. Kf3 Ke7 32. Rc2 Kd7 33. Nd2 Kc6 34. e4
Rf8+ 35. Ke2 dxe4 36. Nxe4 Kd5 37. Rb2 Rb8 38. Rb5 Kc6 39. Rb2 Kd5 40. Rb5 Ba7
41. Ra5 Rb2+ 42. Kd1 Bb6 43. Ra6 c4 44. Nc3+ Kxe5 45. dxc4 Rb4 46. Na2 Rb2 47.
Nc3 Bd4 48. Ra5+ Kf6 49. Ne4+ Kg6 50. c5 Kf7 51. Ra4 e5 52. c6 Bb6 53. Nd6+ Ke6
54. Kc1 Rxh2 55. Nc4 Bc7 56. Ra7 Kd5 57. Rxc7 Kxc4 58. Rxg7 Kc3 59. Kb1 Rh1+
60. Ka2 Rc1 61. Rg6 h5 62. Rh6 e4 63. Rxh5 Kd4 64. Rh6 e3 65. Re6 Kd3 66. Kb2
Rc5 67. Rd6+ Ke4 68. Kb3 e2 69. Re6+ Kf3 70. Rf6+ Ke4 71. Re6+ Kf3 1/2-1/2

[Event "Druzynowe Mistrzostwa Polski - II Liga Seniorow"]
[Site "Ustron/Slaski Zwiazek Szachowy"]
[Date "2008.09.10"]
[Round "4.57"]
[White "Szymczak, Rafal"]
[Black "Walkusz, Witoslaw"]
[Result "1/2-1/2"]
[WhiteTitle "I++"]
[BlackTitle "k+"]
[WhiteElo "2118"]
[BlackElo "2151"]

1. f4 Nf6 2. Nf3 d5 3. g3 g6 4. Bg2 Bg7 5. O-O O-O 6. d3 c6 7. h3 Qb6+ 8. Kh2
Na6 9. c3 Nc7 10. Nbd2 Bf5 11. Qc2 Rad8 12. e4 Bc8 13. e5 Nfe8 14. Nb3 1/2-1/2

[Event "Druzynowe Mistrzostwa Polski - II Liga Seniorow"]
[Site "Ustron/Slaski Zwiazek Szachowy"]
[Date "2008.09.10"]
[Round "4.58"]
[White "Zdrojewski, Wojciech"]
[Black "Borysiak, Boguslaw"]
[Result "1/2-1/2"]
[WhiteTitle "I"]
[BlackTitle "FM"]
[WhiteElo "2190"]
[BlackElo "2162"]

1. e4 c6 2. d3 g6 3. Nf3 Bg7 4. g3 d6 5. Bg2 Nf6 6. O-O O-O 7. Nbd2 Bg4 8. h3
Bxf3 9. Nxf3 Na6 10. c3 Nc7 11. Qc2 Nd7 12. Re1 Rb8 13. Bg5 Ne6 14. Be3 c5 15.
d4 b5 16. dxc5 Nexc5 17. a3 Qc7 18. Nd4 e5 19. Nb3 Ne6 20. Rad1 Nb6 21. Bc1 Nd4
22. Nxd4 exd4 23. Qd3 dxc3 24. bxc3 Nc4 25. Re2 Qa5 26. Rc2 Rfc8 27. Bf1 Rb6
28. Qd5 Qa4 29. Ra2 Qb3 30. Bxc4 Qxc4 31. Be3 Ra6 32. Qxc4 Rxc4 33. Rd5 Bxc3
34. Rxb5 Bd4 35. Bh6 Bb6 36. e5 Rc5 37. Rxc5 Bxc5 38. exd6 Bxd6 39. a4 f6 40.
Be3 Kf7 41. Rb2 Rxa4 42. Rb7+ Ke6 43. Rxa7 1/2-1/2

[Event "Druzynowe Mistrzostwa Polski - II Liga Seniorow"]
[Site "Ustron/Slaski Zwiazek Szachowy"]
[Date "2008.09.10"]
[Round "4.59"]
[White "Kulik, Wojciech"]
[Black "Lewandowski, Miroslaw"]
[Result "0-1"]
[WhiteTitle "k"]
[BlackTitle "k"]
[WhiteElo "2046"]
[BlackElo "2130"]

1. e4 c5 2. Nc3 g6 3. g3 Bg7 4. Bg2 Nc6 5. d3 Nf6 6. Be3 d6 7. h3 Qb6 8. Rb1
Nd4 9. Nge2 Be6 10. O-O a5 11. g4 Nxe2+ 12. Qxe2 O-O 13. f4 Bd7 14. e5 Ne8 15.
Nd5 Qd8 16. f5 Bc6 17. exd6 exd6 18. Bf4 Bxd5 19. Bxd5 Qd7 20. fxg6 hxg6 21.
Bg5 Nc7 22. Qf3 Nxd5 23. Qxd5 Rae8 24. Bf6 Bxf6 25. Rxf6 Re6 26. Rbf1 Kg7 27.
Qf3 Qe7 28. g5 Re3 29. Qf4 Rxh3 30. Kg2 Rh5 31. Rf2 Qd7 32. Rxg6+ Kxg6 33. Qf6+
Kh7 34. Rf5 Rg8 0-1

[Event "Druzynowe Mistrzostwa Polski - II Liga Seniorow"]
[Site "Ustron/Slaski Zwiazek Szachowy"]
[Date "2008.09.10"]
[Round "4.60"]
[White "Maszota, Natalia"]
[Black "Leszner, Liliana"]
[Result "1-0"]
[WhiteTitle "k+"]
[BlackTitle "WIM"]
[WhiteElo "2077"]
[BlackElo "2140"]

1. e4 d6 2. d4 g6 3. Nc3 Bg7 4. Be3 c6 5. Qd2 Nd7 6. f3 b5 7. Nh3 Nb6 8. Nf2 a5
9. b3 Qc7 10. Rc1 h5 11. Nd3 Nf6 12. Qf2 Ba6 13. Be2 h4 14. O-O Nbd7 15. a3 b4
16. axb4 Bxd3 17. Bxd3 axb4 18. Ne2 e5 19. Ra1 Ra5 20. Rxa5 Qxa5 21. h3 c5 22.
dxc5 Nxc5 23. Bc4 Bh6 24. Bxh6 Rxh6 25. Rd1 Ke7 26. Nc1 Rh8 27. Kh2 Ne6 28. Qd2
Nd4 29. Ne2 Rd8 30. Nxd4 exd4 31. Qxd4 Qg5 32. Kg1 Nh5 33. e5 Qxe5 34. Qxh4+
Qf6 35. Qe1+ Kf8 36. Qxb4 Nf4 37. Qd2 d5 38. Bf1 d4 39. Re1 Nd5 40. Qh6+ Kg8
41. Re4 Ne3 42. Bd3 Nf5 43. Rf4 Rd5 44. Bxf5 Rxf5 45. Rxf5 Qxf5 46. Qd2 Qc5 47.
Qd3 Qb4 48. Kf2 Kg7 49. f4 f5 50. g4 fxg4 51. hxg4 Qd6 52. Kg3 g5 53. Qf5 gxf4+
54. Qxf4 Qc5 55. g5 Qc3+ 56. Kg4 Kg8 57. Qf5 Qe3 58. Kh5 Qe2+ 59. Kg6 Qe8+ 60.
Kh6 Qe3 61. Qg6+ Kf8 62. Qf6+ Ke8 63. Kg7 Qe4 64. Qg6+ 1-0

[Event "Druzynowe Mistrzostwa Polski - II Liga Seniorow"]
[Site "Ustron/Slaski Zwiazek Szachowy"]
[Date "2008.09.10"]
[Round "4.61"]
[White "Bulski, Krzysztof"]
[Black "Gralka, Julian"]
[Result "1-0"]
[WhiteTitle "FM"]
[BlackTitle "FM"]
[WhiteElo "2388"]
[BlackElo "2268"]

1. e4 c6 2. d4 d5 3. Nd2 dxe4 4. Nxe4 Nd7 5. Ng5 Ndf6 6. N1f3 Bg4 7. Bc4 e6 8.
h3 Bxf3 9. Nxf3 Bd6 10. Qe2 Ne7 11. Bd2 Qc7 12. g3 O-O 13. O-O c5 14. Rad1 Nc6
15. dxc5 Bxc5 16. Kg2 Rad8 17. c3 a6 18. Bb3 h6 19. Bc2 Rd5 20. Bf4 Qe7 21.
Rxd5 Nxd5 22. Bc1 Rd8 23. a3 Ba7 24. Re1 Nf6 25. Nd2 Qc5 26. Ne4 Nxe4 27. Bxe4
Qd6 28. Bf4 Qd7 29. Bc2 Bc5 30. Kg1 e5 31. Rd1 Qxh3 32. Rxd8+ Nxd8 33. Qxe5
Bxf2+ 34. Kxf2 Qh2+ 35. Ke1 Qxc2 36. Qe8+ Kh7 37. Qxd8 Qb1+ 38. Qd1 Qxb2 39.
Qd3+ Kg8 40. Bd6 b5 41. Bb4 Qg2 42. Qe3 h5 43. Bc5 Qd5 44. Bd4 f6 45. Qe2 Kf7
46. Kf2 Kg6 47. Kg1 Qf5 48. Kh2 Kh6 49. Kg2 Kg6 50. Kg1 Kh6 51. Kh2 Kg6 52. a4
Qd5 53. a5 Kf7 54. Kg1 Kg6 55. Kf2 Kh7 56. Qd3+ Kg8 57. Qf3 Qa2+ 58. Ke3 Qxa5
59. Qd5+ Kh7 60. Qxh5+ Kg8 61. Qd5+ Kh7 62. Qf5+ Kg8 63. Qe6+ Kh7 64. Qh3+ Kg8
65. Qe6+ Kh7 66. Ke4 Qa1 67. Qf5+ Kg8 68. Qe6+ Kh7 69. Qh3+ Kg8 70. Qc8+ Kh7
71. Qf5+ Kg8 72. Kd5 Qa2+ 73. Kd6 Qa3+ 74. Qc5 Qa4 75. Ke7 a5 76. Qc8+ Kh7 77.
Qf5+ Kg8 78. Qd5+ Kh7 79. Kf8 1-0

[Event "Druzynowe Mistrzostwa Polski - II Liga Seniorow"]
[Site "Ustron/Slaski Zwiazek Szachowy"]
[Date "2008.09.10"]
[Round "4.62"]
[White "Mazalon, Mariusz"]
[Black "Kuciel, Wladyslaw"]
[Result "1-0"]
[WhiteTitle "k"]
[BlackTitle "I+"]
[WhiteElo "2148"]
[BlackElo "2129"]

1. d4 Nf6 2. c4 e6 3. Nc3 Bb4 4. e3 d5 5. a3 Bxc3+ 6. bxc3 O-O 7. Nf3 Nbd7 8.
cxd5 exd5 9. Bd3 Ne4 10. Qc2 Ndf6 11. O-O Re8 12. Ne5 Nd6 13. c4 dxc4 14. Nxc4
Nxc4 15. Bxc4 c6 16. Bd3 h6 17. Rb1 Qd6 18. h3 b5 19. Bb2 Be6 20. e4 Qf4 21.
Rfe1 Rac8 22. Re3 Bc4 23. Bxc4 bxc4 24. Rbe1 Rb8 25. Bc1 Qh4 26. e5 Nd5 27. Re4
Qh5 28. Qxc4 Re6 29. Qd3 a5 30. Rg4 a4 31. Qc4 Rb1 32. Qxa4 f5 33. Rg3 f4 34.
Rb3 Rg6 35. Kh2 Qg5 36. g3 Rxc1 37. Rxc1 fxg3+ 38. Rxg3 Qf4 39. Rcg1 Qxf2+ 40.
R1g2 Qf4 41. Qc2 Rxg3 42. Rxg3 Kh8 43. Qg6 Qf2+ 44. Rg2 Qf8 45. Qg3 Nf4 46. Rf2
g5 47. Qg4 Qd8 48. Rxf4 gxf4 49. Qxf4 Qb8 50. Qxh6+ Kg8 51. Qg6+ Kh8 52. Qxc6
1-0

[Event "Druzynowe Mistrzostwa Polski - II Liga Seniorow"]
[Site "Ustron/Slaski Zwiazek Szachowy"]
[Date "2008.09.10"]
[Round "4.63"]
[White "Janiszewski, Maciej"]
[Black "Olszewski, Marek"]
[Result "1-0"]
[WhiteTitle "I++"]
[BlackTitle "k+"]
[WhiteElo "2072"]
[BlackElo "2151"]

1. e4 Nc6 2. Nf3 d6 3. d4 Nf6 4. Nc3 Bg4 5. Be3 e5 6. d5 Nb8 7. h3 Bc8 8. Bb5+
Nbd7 9. O-O Be7 10. Ng5 O-O 11. f4 exf4 12. Bxf4 Ne5 13. Nf3 Ng6 14. Be3 a6 15.
Bd3 Nd7 16. Nd4 Bg5 17. Qd2 Bxe3+ 18. Qxe3 Nde5 19. Nf5 Ne7 20. Ng3 Bd7 21.
Nce2 N7g6 22. Nf5 h6 23. Neg3 Qg5 24. Qxg5 hxg5 25. Nh5 Bxf5 26. exf5 Nf4 27.
Nxf4 gxf4 28. Rxf4 f6 29. Re1 Kf7 30. Be2 Rh8 31. Kf2 Ke7 32. Rh1 Kd7 33. h4
Ke7 34. Re4 Kf7 35. g4 a5 36. Kg3 b6 37. Bb5 Ke7 38. Ree1 Rag8 39. Kf4 Kf7 40.
Re3 Ra8 41. Rhh3 Ke7 42. g5 Kf7 43. Rc3 Ra7 44. Rcg3 Raa8 45. h5 fxg5+ 46. Rxg5
Kf6 47. Rc3 Ra7 48. Rcg3 Rh7 49. Be8 Ra6 50. Rg6+ Ke7 51. Re6+ Kf8 52. Bg6
Nxg6+ 53. hxg6 Rh2 54. Rc3 Ra7 55. Rce3 Ra8 56. Re7 Rxc2 57. Rf7+ Kg8 58. Ree7
c6 59. Rxg7+ Kh8 60. f6 Rf2+ 1-0

[Event "Druzynowe Mistrzostwa Polski - II Liga Seniorow"]
[Site "Ustron/Slaski Zwiazek Szachowy"]
[Date "2008.09.10"]
[Round "4.64"]
[White "Wozniak, Marcin"]
[Black "Widera, Jan"]
[Result "1-0"]
[WhiteTitle "I++"]
[BlackTitle "k"]
[WhiteElo "2130"]
[BlackElo "2119"]

1. c4 c5 2. g3 Nf6 3. Bg2 g6 4. Nc3 Nc6 5. e3 Bg7 6. Nge2 d6 7. d3 Bd7 8. Rb1
Rb8 9. a3 a6 10. b4 cxb4 11. axb4 b5 12. cxb5 axb5 13. d4 O-O 14. O-O Qb6 15.
h3 Ra8 16. e4 e5 17. dxe5 Nxe5 18. Bg5 Be6 19. Bxf6 Bxf6 20. Nd5 Bxd5 21. Qxd5
Ra3 22. Rb3 Rxb3 23. Qxb3 Nc4 24. Rd1 Be5 25. Qf3 Ra8 26. Bf1 Ra3 27. Qg4 Ra2
28. Kg2 Kg7 29. Rd3 Rb2 30. Qd7 Bf6 31. Rd5 Rxb4 32. Nf4 Rb2 33. Be2 Rxe2 34.
Nxe2 Be5 35. Rxb5 Qa6 36. Rb7 Ne3+ 37. Kf3 Qa2 38. fxe3 Qc4 39. Qb5 Qe6 40. Qd5
1-0

[Event "Druzynowe Mistrzostwa Polski - II Liga Seniorow"]
[Site "Ustron/Slaski Zwiazek Szachowy"]
[Date "2008.09.10"]
[Round "4.65"]
[White "Paczkowski, Adam"]
[Black "Starzynski, Waldemar"]
[Result "1-0"]
[WhiteTitle "I"]
[BlackTitle "I+"]
[WhiteElo "2030"]
[BlackElo "1866"]

1. e4 e6 2. d3 d5 3. Nd2 c5 4. Ngf3 Nc6 5. g3 b6 6. Bg2 Bb7 7. O-O Nf6 8. Re1
Be7 9. c3 O-O 10. e5 Nd7 11. Nf1 Qc7 12. Bf4 Rfc8 13. Ne3 b5 14. h4 d4 15. Ng4
Qb6 16. Ng5 Nf8 17. Be4 Nd8 18. Bxb7 Qxb7 19. Ne4 Qc6 20. Ngf6+ Bxf6 21. exf6
g6 22. Bd6 Qd5 23. Qd2 e5 24. c4 bxc4 25. dxc4 Qxc4 26. Qh6 Nfe6 27. Ng5 1-0

[Event "Druzynowe Mistrzostwa Polski - II Liga Seniorow"]
[Site "Ustron/Slaski Zwiazek Szachowy"]
[Date "2008.09.10"]
[Round "4.66"]
[White "Wesolowska, Edyta"]
[Black "Tekielak, Izabela"]
[Result "1-0"]
[WhiteTitle "I++"]
[BlackTitle "m"]
[WhiteElo "1943"]
[BlackElo "2091"]

1. d4 Nf6 2. Nf3 g6 3. c4 Bg7 4. Nc3 d6 5. e4 O-O 6. Be2 e5 7. O-O Nc6 8. d5
Ne7 9. b4 a5 10. Ba3 axb4 11. Bxb4 Nd7 12. a4 h6 13. Nd2 f5 14. Qb3 Kh8 15. Qa3
Rf7 16. Nb3 b6 17. Nd2 Ng8 18. a5 Ngf6 19. Qb3 Nc5 20. Qb2 Rb8 21. Bxc5 dxc5
22. axb6 cxb6 23. Na4 Nd7 24. Qb5 Rb7 25. Nc3 Nf6 26. Ra8 Kh7 27. Rfa1 Qc7 28.
Bd1 h5 29. Nf3 Bd7 30. Ng5+ 1-0

[Event "Druzynowe Mistrzostwa Polski - II Liga Seniorow"]
[Site "Ustron/Slaski Zwiazek Szachowy"]
[Date "2008.09.10"]
[Round "4.67"]
[White "Shkapenko, Pavel"]
[Black "Grabarczyk, Bogdan"]
[Result "1/2-1/2"]
[WhiteTitle "IM"]
[BlackTitle "IM"]
[WhiteElo "2404"]
[BlackElo "2449"]

1. e4 c5 2. Nf3 e6 3. d4 cxd4 4. Nxd4 Nf6 5. Bd3 d6 6. c4 a6 7. Nc3 Nbd7 8. O-O
b6 9. Be3 Bb7 10. f3 Rc8 11. Rc1 Be7 12. Qd2 O-O 13. Rfd1 Qc7 14. Bf1 Qb8 15.
b4 Bd8 16. Nb3 Bc7 17. Bf4 Ne5 18. Bxe5 dxe5 19. Qe3 Rfd8 20. Kh1 Rxd1 21. Rxd1
Rd8 22. Rxd8+ Qxd8 23. c5 Nd7 24. c6 Bxc6 25. Bxa6 Nb8 26. Be2 Qd6 27. a3 h6
28. Qc1 Bd8 29. Nd2 1/2-1/2

[Event "Druzynowe Mistrzostwa Polski - II Liga Seniorow"]
[Site "Ustron/Slaski Zwiazek Szachowy"]
[Date "2008.09.10"]
[Round "4.68"]
[White "Duch, Mariusz"]
[Black "Kos, Pawel"]
[Result "0-1"]
[WhiteTitle "k"]
[BlackTitle "k"]
[WhiteElo "2269"]
[BlackElo "2275"]

1. d4 Nf6 2. c4 g6 3. Nf3 Bg7 4. g3 d5 5. cxd5 Nxd5 6. Bg2 O-O 7. O-O c5 8. e4
Nf6 9. e5 Nd5 10. dxc5 e6 11. a3 Nd7 12. Re1 Qc7 13. Qd4 Qxc5 14. Qe4 Qc7 15.
Nbd2 b5 16. b4 Bb7 17. Bb2 N5b6 18. Qh4 h6 19. Rac1 Qd8 20. Qg4 Rc8 21. h4 Qe8
22. h5 g5 23. Bd4 a6 24. Ne4 Nc4 25. Nf6+ Kh8 26. Nxd7 Qxd7 27. Rcd1 Rfd8 28.
Nxg5 Bxg2 29. Bb6 Bd5 30. Bxd8 Rxd8 31. Nf3 Qb7 32. Qf4 Qc7 33. g4 Rg8 34. Re2
Bxf3 35. Qxf3 Nxe5 36. Qg3 Qb8 37. f3 Qa7+ 38. Kg2 Nc4 39. Kh3 Qb7 40. Rd3 Qb8
41. Qxb8 Rxb8 42. f4 Bf6 43. Rd7 Kg8 44. Ra7 Rb6 45. Rg2 Ne3 46. Rd2 Nd5 47. f5
Rc6 48. fxe6 Nf4+ 49. Kh2 Nxe6 50. Rd3 Kg7 51. Ra8 Be5+ 52. Kg1 Bd4+ 53. Kh2
Be5+ 54. Kg1 Rc1+ 55. Kf2 Bd4+ 56. Kf3 Rc2 57. Ke4 Re2+ 58. Kf3 Re1 59. Rxa6
Ng5+ 60. Kg2 Rg1+ 61. Kh2 Rxg4 62. Ra5 Bg1+ 63. Kh1 Ne4 64. Rf3 Nf2+ 65. Rxf2
Bxf2 66. Rxb5 Be3 67. Rb7 Rg1+ 68. Kh2 Ra1 69. Kg3 Rxa3 70. b5 Rb3 71. Kf3 Kf6
72. Ke4 Ke6 73. Kf3 Bg1+ 74. Kg2 Bd4 75. Kf1 Rh3 76. Rb8 Rxh5 77. b6 Rb5 78. b7
Ke7 79. Ke2 Be5 80. Ra8 Rxb7 81. Kf3 Rb4 82. Ra6 f6 83. Kg2 Kf7 84. Kf3 Kg6 85.
Kg2 Rb3 86. Kf2 h5 0-1

[Event "Druzynowe Mistrzostwa Polski - II Liga Seniorow"]
[Site "Ustron/Slaski Zwiazek Szachowy"]
[Date "2008.09.10"]
[Round "4.69"]
[White "Barwinski, Dionizy"]
[Black "Flak, Pawel"]
[Result "0-1"]
[WhiteTitle "FM"]
[BlackTitle "I++"]
[WhiteElo "2183"]
[BlackElo "2120"]

1. d4 b6 2. c4 Bb7 3. Nc3 Nf6 4. Bg5 e6 5. e4 Bb4 6. f3 h6 7. Bh4 g5 8. Bf2
Bxc3+ 9. bxc3 d6 10. Bd3 c5 11. Ne2 Nc6 12. Nc1 Nh5 13. g3 Rg8 14. Rb1 Qd7 15.
Qa4 Nf6 16. e5 Nxe5 17. Qxd7+ Nexd7 18. Be3 Bxf3 19. Rf1 Bg2 20. Rf2 Bc6 21.
Rfb2 Ne4 22. Ne2 f5 23. Rb3 Ndf6 24. Ra1 e5 25. a4 f4 26. Bg1 f3 27. Nc1 Rf8
28. d5 Bd7 29. Bxe4 Nxe4 30. Bf2 Ke7 31. a5 bxa5 32. Rxa5 Rfb8 33. Be3 Rxb3 34.
Nxb3 Rb8 35. Nd2 Nxd2 0-1

[Event "Druzynowe Mistrzostwa Polski - II Liga Seniorow"]
[Site "Ustron/Slaski Zwiazek Szachowy"]
[Date "2008.09.10"]
[Round "4.70"]
[White "Wypych, Dominik"]
[Black "Kalinowski, Roman"]
[Result "1-0"]
[WhiteTitle "I"]
[BlackTitle "I"]
[WhiteElo "2085"]
[BlackElo "2225"]

1. d4 d5 2. g3 c6 3. Bg2 Bf5 4. Nf3 Nf6 5. O-O h6 6. Nbd2 e6 7. c4 Bd6 8. b3
O-O 9. Bb2 Nbd7 10. e3 Rc8 11. Qe2 Qe7 12. Ne5 Rfd8 13. Rad1 Bb4 14. Nd3 Ba5
15. e4 Nxe4 16. Nxe4 Bxe4 17. Bxe4 dxe4 18. Qxe4 Nf6 19. Qf3 Bb6 20. Ne5 Nd7
21. Ng4 Bc7 22. Rfe1 Qf8 23. d5 cxd5 24. cxd5 exd5 25. Rxd5 b6 26. Nxh6+ gxh6
27. Qg4+ Kh7 28. Qf5+ Kg8 29. Rxd7 Rxd7 30. Qxd7 Bb8 31. Re4 h5 32. Rg4+ hxg4
33. Qxg4+ Kh7 34. Qh5+ 1-0

[Event "Druzynowe Mistrzostwa Polski - II Liga Seniorow"]
[Site "Ustron/Slaski Zwiazek Szachowy"]
[Date "2008.09.10"]
[Round "4.71"]
[White "Bartoszek, Henryk"]
[Black "Kurkowski, Zbigniew"]
[Result "1/2-1/2"]
[WhiteTitle "I"]
[BlackTitle "I"]
[WhiteElo "1981"]
[BlackElo "2113"]

1. d4 Nf6 2. c4 e6 3. a3 b6 4. e3 Be7 5. Nf3 Bb7 6. Be2 O-O 7. Nc3 d5 8. O-O
Nbd7 9. cxd5 exd5 10. Qb3 Re8 11. Rd1 c6 12. Bd2 Bd6 13. h3 Qe7 14. Be1 Ne4 15.
Rac1 Ndf6 16. Bf1 Rac8 17. Ne2 h6 18. Qa4 Ra8 19. b4 g5 20. g3 Qd7 21. Nh2 Nh5
22. Bg2 Qe6 23. Qb3 a6 24. Nf1 f5 25. f4 Re7 26. Bf3 Nhf6 27. Kh2 Rae8 28. Nc3
Nxc3 29. Qxc3 Qf7 30. Qc2 Qe6 31. Rd2 Rg7 32. Bh1 gxf4 33. gxf4 Kh8 34. Rg2
Reg8 35. Rxg7 Rxg7 36. Bg2 Ne4 37. Bxe4 fxe4 38. Qe2 Qg6 39. Ng3 Be7 40. Qh5
Qxh5 41. Nxh5 Rf7 42. Bf2 Kh7 43. Rg1 Bc8 44. Rc1 Bb7 45. Ng3 Kg6 46. Ne2 Kf5
47. Nc3 Rg7 48. Na4 Bd8 49. Nb2 Be7 50. Nd1 Rg8 51. Bg1 Rc8 52. Bf2 c5 53. bxc5
bxc5 54. Rb1 Rc7 55. dxc5 Bxc5 56. a4 Ba7 57. Kg2 d4 58. Kf1 d3 59. Be1 Ke6 60.
Bd2 Bc6 61. a5 Bb5 62. Nc3 Bc6 63. Kf2 Rg7 64. Rb4 Kf5 65. Rc4 Rg6 66. Nd1 Bb5
67. Rc8 Rc6 68. Rf8+ Rf6 69. Rc8 1/2-1/2

[Event "Druzynowe Mistrzostwa Polski - II Liga Seniorow"]
[Site "Ustron/Slaski Zwiazek Szachowy"]
[Date "2008.09.10"]
[Round "4.73"]
[White "Steczek, Marcin"]
[Black "Czyz, Artur"]
[Result "1-0"]
[WhiteTitle "FM"]
[BlackTitle "I+"]
[WhiteElo "2342"]
[BlackElo "2081"]

1. c4 c5 2. Nc3 Nf6 3. Nf3 Nc6 4. d4 cxd4 5. Nxd4 g6 6. e4 d6 7. Be2 Bg7 8. Be3
O-O 9. O-O Bd7 10. f3 a6 11. Qd2 Ne8 12. Rfd1 f5 13. exf5 gxf5 14. c5 e5 15.
Nb3 Na5 16. Bg5 Bf6 17. Bxf6 Nxf6 18. Qxd6 Nxb3 19. axb3 Qe8 20. Nd5 Nxd5 21.
Rxd5 Bc6 22. Rxe5 Qg6 23. Rd1 Rae8 24. Bc4+ Kh8 25. Rxe8 Rxe8 26. Qxg6 hxg6 27.
Rd6 Kg7 28. Bxa6 Re1+ 29. Kf2 Rc1 30. Bd3 Rxc5 31. Ke3 Bb5 32. Kd4 1-0

[Event "Druzynowe Mistrzostwa Polski - II Liga Seniorow"]
[Site "Ustron/Slaski Zwiazek Szachowy"]
[Date "2008.09.10"]
[Round "4.74"]
[White "Swicarz, Maciej"]
[Black "Walaszczyk, Witold"]
[Result "1/2-1/2"]
[WhiteTitle "m"]
[BlackTitle "k"]
[WhiteElo "2284"]
[BlackElo "2247"]

1. e4 d6 2. d4 g6 3. c4 Bg7 4. Nc3 Nf6 5. Nge2 O-O 6. Bg5 h6 7. Be3 Nc6 8. f3
e5 9. Qd2 Kh7 10. O-O-O a6 11. Kb1 exd4 12. Nxd4 Nxd4 13. Bxd4 Be6 14. Be2 Qb8
15. Qd3 Nd7 16. Bxg7 Kxg7 17. h4 b5 18. f4 Bxc4 19. Qd4+ f6 20. Bxc4 bxc4 21.
h5 g5 22. g3 Qb6 23. Qxc4 Rab8 24. Rh2 Qc5 25. Qd3 Kh8 26. Nd5 gxf4 27. gxf4
Rg8 28. Rc2 Qa5 29. Qh3 Qa4 30. Re1 Rg7 31. Rxc7 Qd4 32. Rc2 Rg1 33. Rxg1 Qxg1+
34. Rc1 Qd4 35. Qg2 Nc5 36. a3 Nxe4 37. Nb4 a5 38. Rg1 f5 39. Qg6 Qf6 40. Qxf6+
Nxf6 41. Nc6 Rg8 42. Rxg8+ Kxg8 43. Nxa5 Kf7 44. Nc6 Nxh5 45. a4 Nxf4 46. Nd4
Kf6 47. Nf3 Ke6 48. Kc2 Kd5 49. b4 Kc4 50. Nh4 Ne6 51. Kd2 Nd4 52. Ke3 d5 53.
b5 Kc5 54. Kf4 Nxb5 55. axb5 Kxb5 56. Nxf5 h5 57. Kg5 1/2-1/2

[Event "Druzynowe Mistrzostwa Polski - II Liga Seniorow"]
[Site "Ustron/Slaski Zwiazek Szachowy"]
[Date "2008.09.10"]
[Round "4.75"]
[White "Szadkowski, Krzysztof"]
[Black "Rudnicki, Milosz"]
[Result "0-1"]
[WhiteTitle "I++"]
[BlackTitle "I++"]
[WhiteElo "2132"]
[BlackElo "2197"]

1. e4 c5 2. Nf3 d6 3. d4 cxd4 4. Nxd4 Nf6 5. Nc3 g6 6. Be3 Bg7 7. f3 Nc6 8. Qd2
O-O 9. Bc4 Nd7 10. O-O-O Nb6 11. Bb3 Na5 12. Qe2 Nxb3+ 13. axb3 a5 14. Na4 Nxa4
15. bxa4 Bd7 16. Nb5 Rc8 17. h4 Bxb5 18. Qxb5 Qc7 19. Rd2 Qc4 20. Qxc4 Rxc4 21.
b3 Rc3 22. Re1 Rfc8 23. Kd1 R8c6 24. Ree2 e6 25. Bf4 Bf8 26. Re3 Rxe3 27. Bxe3
Be7 28. g3 Kf8 29. c4 Ke8 30. Rh2 d5 31. cxd5 exd5 32. exd5 Rc3 33. Ke2 Rxb3
34. Rh1 Kd7 35. h5 g5 36. f4 gxf4 37. Bxf4 Rb4 38. Rc1 Bd8 39. Bd2 Rb2 40. Kd3
Rxd2+ 0-1

[Event "Druzynowe Mistrzostwa Polski - II Liga Seniorow"]
[Site "Ustron/Slaski Zwiazek Szachowy"]
[Date "2008.09.10"]
[Round "4.76"]
[White "Lercel, Michal"]
[Black "Swiatnicki, Andrzej"]
[Result "0-1"]
[WhiteTitle "k"]
[BlackTitle "k"]
[WhiteElo "2178"]
[BlackElo "2192"]

1. e4 e5 2. Nf3 Nc6 3. Bb5 f5 4. Nc3 Nf6 5. exf5 e4 6. Nh4 Ne5 7. d4 exd3 8.
Bg5 Bb4 9. O-O Bxc3 10. bxc3 O-O 11. cxd3 c6 12. Ba4 d5 13. f4 Nf7 14. Bc2 h6
15. Bxf6 Qxf6 16. Ng6 Re8 17. d4 Bxf5 18. Bxf5 Qxf5 19. Qb1 Qxb1 20. Raxb1 Nd6
21. Ne5 Re7 22. Rb3 Kh7 23. Rfb1 Rg8 24. a4 g6 25. a5 a6 26. g3 Rgg7 27. Kg2 g5
28. fxg5 Rxg5 29. Rf1 Kg7 30. Rfb1 Kh7 31. Rf1 Rgg7 32. Rfb1 Ne4 33. R1b2 c5
34. Kf3 c4 35. Ra3 Nd6 36. Ra1 Nb5 37. Rc1 Re6 38. Ke3 Rf6 39. Rf2 Rxf2 40.
Kxf2 Nd6 41. Ke3 Re7 42. Kd2 Kg7 43. Rb1 Ne4+ 44. Kc2 Nd6 45. Rb6 Nc8 46. Rb1
Nd6 47. h4 h5 48. Rb6 Ne4 49. Ng6 Rf7 50. Nf4 Nxg3 51. Rg6+ Kh7 52. Rxg3 Rxf4
53. Rg5 Rxh4 54. Rxd5 Rh2+ 55. Kc1 Kg6 56. Rc5 h4 57. d5 h3 58. Rxc4 Rg2 59.
Rc8 h2 0-1

[Event "Druzynowe Mistrzostwa Polski - II Liga Seniorow"]
[Site "Ustron/Slaski Zwiazek Szachowy"]
[Date "2008.09.10"]
[Round "4.77"]
[White "Rupental, Janusz"]
[Black "Zminda, Bogdan"]
[Result "0-1"]
[WhiteTitle "I"]
[BlackTitle "I++"]
[WhiteElo "2027"]
[BlackElo "2156"]

1. e4 c5 2. d4 cxd4 3. c3 d5 4. exd5 Qxd5 5. cxd4 Nc6 6. Nf3 e5 7. Nc3 Bb4 8.
Bd2 Bxc3 9. Bxc3 e4 10. Ne5 Nxe5 11. dxe5 Ne7 12. Qxd5 Nxd5 13. Bb5+ Bd7 14.
Bxd7+ Kxd7 15. O-O Nxc3 16. bxc3 Ke6 17. f4 f5 18. exf6 gxf6 19. f5+ Kd5 20.
Rad1+ Ke5 21. Rd7 Rhe8 22. Rxb7 a6 23. Rxh7 Rac8 24. Ra7 e3 25. Rxa6 Ke4 26.
Re6+ Rxe6 27. fxe6 e2 28. Ra1 Ke3 29. a4 Re8 30. g4 Rxe6 31. Kg2 Rd6 32. Re1
Rd1 33. Rxe2+ Kxe2 34. h4 Ke3 35. g5 fxg5 36. hxg5 Rd5 0-1

[Event "Druzynowe Mistrzostwa Polski - II Liga Seniorow"]
[Site "Ustron/Slaski Zwiazek Szachowy"]
[Date "2008.09.10"]
[Round "4.78"]
[White "Hermanowicz, Dominika"]
[Black "Smolenska, Olga"]
[Result "1/2-1/2"]
[WhiteTitle "k"]
[BlackTitle "I"]
[WhiteElo "2118"]
[BlackElo "1932"]

1. Nf3 d5 2. g3 c5 3. Bg2 Nc6 4. O-O Nf6 5. d3 Bg4 6. Nbd2 e5 7. e4 d4 8. h3
Bh5 9. g4 Bg6 10. Nh4 Nd7 11. Nf5 h5 12. f3 Bxf5 13. exf5 Be7 14. Ne4 Nf6 15.
f4 hxg4 16. hxg4 Nxe4 17. Bxe4 Bd6 18. Qf3 Qh4 19. Qg2 Kd7 20. Bd2 Rae8 21. a3
exf4 22. Bxf4 Ne5 23. Bxb7 Kc7 24. Rae1 Qxg4 25. Qxg4 Nxg4 26. Be4 Bxf4 27.
Rxf4 Ne3 28. c3 Rh3 29. cxd4 cxd4 30. Rc1+ Kd6 31. Bb7 Reh8 32. Rxd4+ Ke5 33.
Re4+ Kf6 34. Rf4 Kg5 35. Rb4 Nxf5 36. Rc2 Rxd3 37. Rg2+ Kf6 38. Rf2 Rd1+ 39.
Kg2 Rh5 40. Bf3 Rg5+ 41. Bg4 Rd3 42. Kh2 Kg6 43. Bxf5+ Rxf5 44. Rg4+ Kf6
1/2-1/2